مكتبة جامعة عجلون الوطنية

فهرس بحث المكتبة

The Adult Learner : the Definitive classic in Adult Education and Humman R esource Development / (Record no. 33176)

MARC details
000 -LEADER
fixed length control field 00679nam a22001937a 4500
003 - CONTROL NUMBER IDENTIFIER
control field JO-AjAnu
005 - DATE AND TIME OF LATEST TRANSACTION
control field 20241022122726.0
008 - FIXED-LENGTH DATA ELEMENTS--GENERAL INFORMATION
fixed length control field 231128b jo ||||| |||| 00| 0 ara d
020 ## - INTERNATIONAL STANDARD BOOK NUMBER
International Standard Book Number 0750678372
040 ## - CATALOGING SOURCE
Original cataloging agency JO-AjAnu
Language of cataloging eng
Transcribing agency JO-AjAnu
050 ## - LIBRARY OF CONGRESS CALL NUMBER
Classification number LC5225.
-- L42.K56
-- 2005
100 #1 - MAIN ENTRY--PERSONAL NAME
Personal name Knowles, Malcolm S
9 (RLIN) 64507
Relator term author
245 01 - TITLE STATEMENT
Title The Adult Learner : the Definitive classic in Adult Education and Humman R esource Development /
Statement of responsibility, etc. Malcolm.s, Knowels, elwoodf, holton, Richard A.Swanson
250 ## - EDITION STATEMENT
Edition statement SIXTH EDITION
260 ## - PUBLICATION, DISTRIBUTION, ETC.
Place of publication, distribution, etc. NEW YORK :
Name of publisher, distributor, etc. ELSEVIER,
Date of publication, distribution, etc. 2005
300 ## - PHYSICAL DESCRIPTION
Extent 378 pages
650 #0 - SUBJECT ADDED ENTRY--TOPICAL TERM
Topical term or geographic name entry element Language-Adult Learners'Writing Guide
9 (RLIN) 64498
942 ## - ADDED ENTRY ELEMENTS (KOHA)
Source of classification or shelving scheme Library of Congress Classification
Koha item type Books
Suppress in OPAC No
Holdings
Withdrawn status Lost status Source of classification or shelving scheme Damaged status Not for loan Home library Current library Date acquired Total Checkouts Full call number Barcode Date last seen Price effective from Koha item type
    Library of Congress Classification     مكتبة جامعة عجلون الوطنية مكتبة جامعة عجلون الوطنية 28/11/2023   LC5225.L42.K56.2005 E3666 28/11/2023 28/11/2023 Books
    Library of Congress Classification     مكتبة جامعة عجلون الوطنية مكتبة جامعة عجلون الوطنية 28/11/2023   LC5225.L42.K56.2005 E3665 28/11/2023 28/11/2023 Books